000
00296nam a2200121Ia 4500
008
191201s2012 xx 000 0 und d
100
_a
SHARMA, Paritosh
245
0
_a
Marketing Management
260
_a
N. Delhi
_b
Dhanpat Rai Pub (P) Ltd
_c
2012
300
_a
400
650
_a
MBA
942
_2
ddc
_c
BK
999
_c
6560
_d
6560